000 00813nam a2200241Ia 4500
008 130821s2004 ck gr spa
020 _a9586901718
040 _aCo-BoUCM
_bspa
041 0 0 _aspa
100 1 _aCardona Galeano, Pedro Pablo
245 1 4 _aLos recursos ordinarios y extraordinarios en el derecho procesal civil
_cPedro Pablo Cardona Galeano
250 _a2a ed.
260 _aBogotá (Colombia)
_bEditorial Leyer
_c2004
300 _a384 páginas.
504 _aIncluye bibliografía.
650 0 4 _aAcción de tutela
_98344
650 0 4 _aDerecho procesal
_912822
650 0 4 _aProcedimiento civil
_97969
650 0 4 _aRecurso de suplica
_923194
650 0 4 _aRecursos extraordinarios (Derecho)
942 _cLIBRO
_a8
_e2
_mC268r
_2DEWEY
_h347.0504
999 _c56348
_d56348